[Event "Candidates qf Huebner-Smyslov +1-1=12"]
[Site "Velden"]
[Date "1983.04.09"]
[Round "9"]
[White "Huebner, Robert"]
[Black "Smyslov, Vassily V"]
[Result "1-0"]
[WhiteElo "2625"]
[BlackElo "2595"]
[Annotator "ChessBase"]
[PlyCount "71"]
[EventDate "1983.03.24"]
[EventType "match"]
[EventRounds "14"]
[EventCountry "AUT"]
[SourceTitle "100 Jahre Schach"]
[Source "ChessBase"]
[SourceDate "2000.04.19"]
[SourceVersion "1"]
[SourceVersionDate "2000.04.19"]
[SourceQuality "1"]

{Smyslov führte vor dieser Partie mit 4,5:3,5 in dem auf 10 Partien
angesetzten Match.} 1. c4 e5 2. g3 Nf6 3. Bg2 Nc6 4. Nc3 d6 5. e3 Bg4 $6 6.
Nge2 Qd7 7. h3 Be6 {Das mit 5...Bg4 eingeleitete Konzept setzt darauf die
Rochade von Weiß zu verhindern. Das geht natürlich nur, wenn die Batterie
Qd7-Be6 aufrecht erhalten wird.} 8. Nd5 Bxd5 {Damit ist das skizzierte Konzept
gescheitert.} ({Aber auch} 8... Be7 {sollte zu Vorteil für Weiß führen:} 9.
Nxe7 (9. d4 $1 exd4 (9... Nd8 10. Nxf6+ Bxf6 11. d5 Bf5 12. e4 Bg6 13. O-O $14
{/+/-}) 10. Nxd4 (10. exd4 $5 Bxd5 11. cxd5 Nb8 {muss gut für Weiß sein.})
10... Nxd4 11. Nxe7 Qxe7 12. Qxd4 $14) 9... Nxe7 $13) 9. cxd5 Nb4 10. Qb3 c5
11. a3 Na6 12. O-O g6 13. d4 $1 exd4 14. exd4 Bg7 15. Qe3+ Kf8 $6 {Danach hat
Weiß erheblichen Vorteil.} (15... Qe7) 16. Qf3 h6 17. Be3 c4 18. Rfc1 Rc8 19.
Nf4 Kg8 20. Bf1 b5 21. a4 bxa4 22. Bxc4 Nc7 23. Bd3 Rb8 24. Rc2 Kh7 25. h4 $1
h5 26. Rac1 {Das kommt Schwarz ein wenig entgegen.} ({Besser war gleich} 26.
Nxh5 Ncxd5 (26... Nxh5 27. Qxh5+ Kg8 28. Qf3 Rh5 29. Be4 $18) 27. Nxf6+ Nxf6
28. h5 {, was auch 29.h5-h6 droht.}) 26... Rhc8 27. Nxh5 Ncxd5 28. Nxf6+ Nxf6
29. h5 (29. Bb5 $5 Qh3 30. Rxc8 Rxc8 31. Rxc8 Qxc8 32. Bxa4 $16) 29... Rxc2 30.
hxg6+ fxg6 31. Bxc2 $6 ({Natürlicher sieht} 31. Rxc2 {aus bzw. das Einschalten
des Schachs auf h1.}) 31... Qh3 $1 (31... Rxb2 32. Qh1+ (32. Kg2 Qb7 33. Qxb7
Rxb7 34. Rh1+ Kg8 35. Bxg6 $14 {(Kavalek)}) 32... Kg8 33. Bxg6 d5 34. Bg5 $16)
32. d5 Rf8 $2 ({Konsequent wäre} 32... Ng4 33. Bxg6+ Kh8 $1 {gewesen.} (33...
Kxg6 $6 34. Qe4+ Kf7 35. Qe6+ Kf8 36. Qxd6+ Kg8 37. Qxb8+ Kh7 38. Qf4 $18) {
als auch} 34. Bf5 ({Sowohl} 34. Bxa7 Qh2+ 35. Kf1 Qh3+ $1 36. Qg2 (36. Ke1)
36... Qh6 37. Re1 Ra8 38. Bf5 Qh5 39. Bxg4 Qxg4 40. Be3 Bxb2) 34... Qh2+ 35.
Kf1 Nxe3+ 36. fxe3 Rf8 {gibt Schwarz Remischancen.}) 33. Bd1 Nd7 $6 ({Ein
letzter Versuch bestand in einem Übergang ins Endspiel; nach} 33... Qf5 34.
Qxf5 gxf5 35. Bf3 Rb8 36. Rc4 Rxb2 37. Rxa4 {sollte Weiß jedoch ebenfalls
gewinnen, denn die schwarzen Bauern sind allesamt schwach.}) 34. Qe4 $18 Nf6
35. Qxa4 Nxd5 36. Bg4 {Nachdem die 10. Partie remis ausgegangen war, kam die
Verlängerung in Form von 4 weiteren Partien, die jedoch alle remis ausgingen.
Dann nahm das Schicksal in Form einer Roulettekugel seinen Lauf.  Quelle:
Kavalek in i35/31} 1-0

[Event "Bugojno"]
[Site "Bugojno"]
[Date "1986.??.??"]
[Round "5"]
[White "Karpov, Anatoly"]
[Black "Ljubojevic, Ljubomir"]
[Result "1-0"]
[WhiteElo "2700"]
[BlackElo "2605"]
[Annotator "ChessBase"]
[PlyCount "171"]
[EventDate "1986.05.??"]
[EventType "tourn"]
[EventRounds "14"]
[EventCountry "YUG"]
[EventCategory "16"]
[SourceTitle "MCL"]
[Source "ChessBase"]
[SourceDate "1999.07.01"]
[SourceVersion "1"]
[SourceVersionDate "1999.07.01"]
[SourceQuality "1"]

1. c4 e5 2. Nc3 Nc6 3. g3 g6 4. Bg2 Bg7 5. Rb1 Nf6 6. e3 (6. b4 O-O 7. b5 (7.
d3 Re8 8. e4 a6 $5 9. Nge2 b5 10. O-O d6 11. Nd5 Ne7 12. Bg5 Nfxd5 13. cxd5 Bg4
$1 14. h3 Bd7 15. Qd2 Qc8 16. Kh2 c6 $10 {Adorjan,A-Romanishin,O Riga 1981})
7... Ne7 8. Nf3 (8. Qb3 $5 d6 9. d3 Nd7 10. Nf3 a6 $5 11. a4 Nc5 12. Qc2 h6 13.
O-O Be6 14. Nd2 axb5 15. axb5 c6 $10 {Portisch,L-Spassky,B Tilburg 1980}) 8...
d5 $1 9. cxd5 Nexd5 10. Bb2 Re8 11. O-O e4 $15 {Taimanov,M-Gulko.B Vilnius zt
1975}) 6... O-O 7. Nge2 d6 8. b4 (8. O-O Be6 9. Nd5 Qd7 $10) 8... Be6 9. b5 Na5
(9... Ne7 10. Bxb7 Rb8 (10... Bxc4 $5 11. d3 Be6 12. Bxa8 Qxa8 $44) 11. Bg2
Bxc4 12. d3 Be6 13. Qa4 $40) 10. d3 a6 11. a4 axb5 12. axb5 d5 13. cxd5 Nxd5
14. O-O Nxc3 15. Nxc3 Qd7 16. Qc2 Rfd8 (16... Bh3 $2 17. Bxh3 Qxh3 18. Nd5 c6
19. Nb6 $1 $16) 17. Rd1 Bg4 18. Rd2 Bh3 19. Bh1 $1 $14 Rab8 (19... c6 20. Na4
Rab8 21. Nc5 $16) 20. Nd5 (20. Qa4 Ra8 $1 21. Nd5 $2 Be6) 20... c6 $6 (20...
Be6 $5 21. Qxc7 (21. Nxc7 Bb3 $1 22. Qc3 b6 23. Na6 Rbc8 24. Bc6 $8 Bd5 25.
Bxd7 Rxc3 26. Bg4 h5 $44) 21... Bxd5 22. Qxa5 Bxh1 23. Kxh1 Qf5 24. Qc3 e4 25.
d4 Qh3 26. Rd1 Rd5 $44) 21. Nb6 Qc7 22. Na4 b6 $8 23. bxc6 Rdc8 24. Qd1 $1 Nxc6
25. Rc2 $1 (25. Rdb2 b5 26. Rxb5 Rxb5 27. Rxb5 Nd4 $140 $2 28. Rc5) 25... Bd7
26. Rcb2 b5 27. Nc5 Qd6 28. Nxd7 Qxd7 29. Rxb5 $16 Rxb5 30. Rxb5 Nd4 31. Rb2
Ne6 32. Rd2 h5 33. Bg2 Rd8 34. Ba3 Bf8 35. Bb2 Bg7 36. Qb3 Kh7 37. h4 Qc7 38.
Kh2 Kg8 39. Bh3 Rd6 40. Rc2 Qd7 41. Rc3 Kh7 42. Qc4 Rb6 43. Ba3 Qa7 44. Bg2 Ra6
45. Bb2 Ra4 46. Qb3 Ra5 47. Rc6 Ra6 48. Qc4 Ra4 (48... Rxc6 49. Bxc6 Nf8 50.
Bd5 Kg8 51. Qe4 Qc7 52. Bc4 $16) 49. Qb5 Ra5 50. Qb3 Qd7 51. Qc4 Nd8 52. Rc7
Qf5 53. Kg1 Ne6 54. Be4 Qf6 55. Rc6 Qd8 56. Bc3 Ra3 57. Qb5 Qd7 $6 (57... Ra8
58. Rxe6) (57... Ra7 $1 $16) 58. Bxe5 Bxe5 59. Qxe5 Rxd3 60. Qxh5+ Kg8 61. Qe5
Rd1+ 62. Kg2 Rd2 63. h5 gxh5 64. Qxh5 Rd6 65. Rc8+ Nd8 66. Ra8 Kf8 67. Qh8+ Ke7
68. Qh4+ Ke8 69. Qg5 Kf8 70. Bf3 Qe7 71. Qh5 Qf6 72. Bd5 Kg7 73. e4 Qg6 74.
Qe5+ Qf6 75. Qxf6+ Kxf6 76. f4 Rd7 77. Kf3 Ke7 78. Kg4 Rc7 79. Kf5 Rd7 80. g4
Rd6 81. g5 Nc6 82. Bxc6 Rxc6 83. e5 Rb6 84. Rg8 Rb4 85. g6 fxg6+ 86. Rxg6 1-0

[Event "EU-ch 15th"]
[Site "Yerevan"]
[Date "2014.03.14"]
[Round "11"]
[White "Eljanov, Pavel"]
[Black "Najer, Evgeniy"]
[Result "1-0"]
[WhiteElo "2723"]
[BlackElo "2633"]
[Annotator "Eljanov,P"]
[PlyCount "67"]
[EventDate "2014.03.03"]
[EventType "swiss"]
[EventRounds "11"]
[EventCountry "ARM"]
[SourceTitle "CBM 160"]
[Source "ChessBase"]
[SourceDate "2014.05.15"]
[SourceVersion "1"]
[SourceVersionDate "2014.05.15"]
[SourceQuality "1"]

1. c4 e5 2. g3 Nc6 3. Bg2 g6 4. Nc3 Bg7 5. Rb1 d6 6. b4 a6 7. d3 Nf6 8. e3 {
That day I decided to play creatively. It was the last and decisive round in
the fight for the podium in European Championship and my intention was to get
the game into an interesting and unexplored position. My approach was
ultimately justified but I was not satisfied with the outcome of the opening
phase.} (8. Nf3 O-O 9. O-O {was easier, and after a transposition of moves we
have a well-known theoretical position.}) 8... O-O 9. Nge2 Ne7 $1 {A very good
redeployment.} 10. e4 Be6 11. O-O (11. a4 {was more precise to avoid the extra
option 11...b5.}) 11... c6 (11... b5 $5 {was a good option indeed.}) 12. a4 d5
13. cxd5 cxd5 14. a5 b5 $6 {After long meditation Evgeny did not play the best
way. Black has many acceptable ways but the easiest one was to go into a more
or less equal endgame:} (14... dxe4 15. dxe4 Qxd1 16. Rxd1 Rfd8 17. Be3 Bf8 18.
Rxd8 Rxd8 19. b5 Bc4 20. bxa6 bxa6 21. Bf1 $11) 15. axb6 Qxb6 16. Na4 Qc6 17.
Ba3 $6 {Not the best choice as well.} ({White has a strong initiative after} 
17. f4 $1 Nd7 (17... exf4 18. Nd4 Qc8 19. Nxe6 Qxe6 20. Nc5 Qb6 21. Bxf4 $36)
18. fxe5 Bxe5 19. Bh6 Bg7 20. Bxg7 Kxg7 21. Nf4 $36) 17... dxe4 18. Rc1 Qd6 19.
Nc5 Bh6 {A safe continuation. In this complex position Black has other
interesting opportunities related to an exchange sacrifice:} (19... e3 $5 20.
Bxa8 exf2+ 21. Rxf2 Rxa8 22. Nc3 Ng4 23. Qf3 Rc8 24. Rff1 $13) (19... exd3 $5
20. Bxa8 Bg4 21. f3 Bh3 22. Rf2 Rxa8 23. Qxd3 Qxd3 24. Nxd3 Nfd5 $44) 20. dxe4
Qxd1 21. Rcxd1 Bc4 22. Rfe1 Rfd8 23. Nc3 $1 {The only opportunity to
complicate matters which was crowned with success.} Bd2 (23... Bf8 {was easier:
} 24. N3a4 Bb5 25. Nb6 Rab8 $11) 24. Nd5 Bxe1 $2 {And this is a serious
mistake - the opponent is trapped.} ({He had to play} 24... Nfxd5 25. Rxd2 Nb6
{White has an initiative but with exact play Black should neutralise it:} 26.
Bc1 Nc6 27. Rxd8+ Rxd8 28. Bg5 Ra8 29. Bf6 Bb5) 25. Nxf6+ Kg7 26. Nd5 Nxd5 27.
exd5 Bc3 28. Rc1 a5 $2 {The decisive mistake.} ({The only way was} 28... Bxd5 {
where the chances for a win with White and for a draw are approximately equal:}
29. Rxc3 Bxg2 30. Kxg2 Rd5 31. Bb2 $1 g5 (31... a5 32. b5 Rb8 33. Na6 Rb7 34.
Nc7 $18) (31... h5 32. Re3) 32. Bc1 h6 33. Be3 $16) (28... Bxb4 29. Bxb4 Bxd5
30. Ba5 $18) 29. bxa5 Bd4 30. Rxc4 Rdc8 (30... Rxa5 31. Nb7 Rxa3 32. Nxd8 Ra2
33. Be4 Bxf2+ 34. Kf1 $18) 31. d6 Rxa5 32. Ne6+ fxe6 33. Rxc8 Rxa3 34. d7 1-0

[Event "EU-ch 2nd"]
[Site "Ohrid"]
[Date "2001.06.12"]
[Round "11"]
[White "Ermenkov, Evgenij"]
[Black "Volzhin, Alexander"]
[Result "1-0"]
[WhiteElo "2478"]
[BlackElo "2528"]
[Annotator "Ermenkov,E"]
[PlyCount "49"]
[EventDate "2001.06.01"]
[EventType "swiss"]
[EventRounds "13"]
[EventCountry "YUG"]
[SourceTitle "CBM 084"]
[Source "ChessBase"]
[SourceDate "2001.09.13"]
[SourceVersion "1"]
[SourceVersionDate "2001.09.13"]
[SourceQuality "1"]

1. c4 {Kostakiev,D} e5 2. Nc3 Nc6 3. g3 f5 4. Bg2 Nf6 5. e3 {'!?' Kostakiev,D.
Kostakiev,D: 'Only C. Carls used this move between 1912 -1921. His own
performence - 50% had predicted today's development of this line:
Approximately the same result on the base of about 350 games... The peak was
among 1996 and 1999'} d5 $5 {Relatively new and fashionable at that. I have to
admit that I didn't know anything about this move except that I think I had
seen an article about it somewhere, which I hadn't read at all. It was time to
think about finding some reasonable line over the board.} 6. cxd5 Nb4 7. d3
Nbxd5 8. Nxd5 Nxd5 9. a3 c6 {Probably necessary because of tactical Qb3
motives.} 10. Nf3 Bd6 11. O-O O-O 12. e4 $1 fxe4 ({If} 12... Nf6 {then} 13. Bg5
{followed by 14.ef5 and 15.Ne4}) 13. dxe4 Nf6 14. Qc2 {Simple and strong.
White is defending the "e4" pawn and preventing an eventual Bc5.} Kh8 15. h3 $1
{Preparing the simple plan of Be3, followed by doubling the rooks on the "d"
file. Black then will have problems opposing the pressure on the "d" file
because of the weak "a7" pawn and a move like a6 or a5 will not be solving the
problem because of the weakness of the "b6" square. All this is more then
familiar from the Pirc-Ufimzev Defence types of positions after de, de
exchange in the centre.} Be6 16. Be3 Qe7 {It's more than obvious that Black is
completely oblivious to what is going on over the board.} 17. Rad1 Rfe8 18. Rd2
{Now Black took a long, long think but I am afraid it was too late. He came up
with} Bg8 19. Nh4 {"f5" is a very juicy square for this piece.} Bc7 20. Nf5 Qe6
21. Rfd1 Qb3 22. Qc1 $1 {Now the threat is 23.Nd6! and the Queen on b3 will
not be defending the "b7" pawn after the intermediate move 24.Rd3, while
exchanging on d6 will give White two bishops, "d" file and everything. At the
same time White's Queen is ready to spring up in the attack against the King
from squares like "g5", "h6".} Qa4 {The attack on the "e4" pawn is illusory.}
23. Bg5 $1 Nxe4 24. Rd7 Bb6 25. Bh6 $1 {Now the mate on g7 is unavoidable.} ({
But not} 25. Bxe4 Qxe4 26. Bf6 gxf6 27. Qh6 Bxf2+ $1 28. Kh2 Bxg3+ $1 29. Nxg3
Qg6 {and Black defends successfully.}) 1-0

[Event "ISR-ch sf"]
[Site "Ramat Aviv"]
[Date "2000.08.23"]
[Round "7"]
[White "Berkovich, Mark A"]
[Black "Finkel, Alexander"]
[Result "0-1"]
[WhiteElo "2410"]
[BlackElo "2467"]
[Annotator "Finkel,A"]
[PlyCount "58"]
[EventDate "2000.08.16"]
[EventType "swiss"]
[EventRounds "9"]
[EventCountry "ISR"]
[SourceTitle "CBM 078"]
[Source "ChessBase"]
[SourceDate "2000.10.18"]
[SourceVersion "1"]
[SourceVersionDate "2000.10.18"]
[SourceQuality "1"]

1. g3 e5 2. c4 Nc6 3. Bg2 f5 4. Nc3 Nf6 5. e3 Bb4 $5 {Black's idea is quiet
strange and I would even say dubious,but it's not so easy for white to find
the correct plan.If you add to this a strong desire to 'punish' black for his
'fricky' style-you've got perfect opening to play for a win with black!} 6. Nd5
(6. Nge2 O-O 7. O-O Bxc3 (7... d6 8. d4 Bxc3 9. Nxc3 Bd7 10. Rb1 a5 11. b3 Qc8
12. d5 Nd8 13. f4 $14 {Miles,A-Medancic,R/Toscolano op 1996}) 8. Nxc3 d6 9. b3
Qe8 10. d3 Bd7 11. Ba3 Qg6 12. c5 dxc5 13. Bxc5 Rfe8 $132 {Razuvaev,
Y-Nevednichy,V/Tiraspol 1994}) 6... Nxd5 (6... O-O $6 7. Nxb4 $6 Nxb4 8. Qb3 a5
9. a3 Na6 10. d4 exd4 11. exd4 c5 12. d5 $14 {Lida Garcia,F-Bulcourf,C/Buenos
Aires FMD op 1993}) (6... a5 $6 7. Ne2 e4 8. a3 Bc5 9. Ndf4 Ne5 10. d4 exd3 11.
Nxd3 Nxd3+ 12. Qxd3 d6 13. Bd2 $14 {Suryadinata,H-Cordover,D/AUS op 1994}) 7.
cxd5 Ne7 8. Nf3 $6 {First step in the wrong direction:now the pawn on d5 needs
protection and black is definitly not worse after this move.} (8. Ne2 $1 O-O 9.
O-O Qe8 (9... d6 10. d4 Ba5 11. b4 Bb6 12. dxe5 dxe5 13. Qb3 $16 {Spraggett,
K-Granda Zuniga,J/ESP-chT 1997}) 10. f4 d6 11. Qb3 Qb5 12. fxe5 Qxe2 13. Qxb4
Qd3 14. e4 $16 {Webster,A-Ivanov,A/ENG-chT9697}) 8... Bd6 $1 {The only,but
sufficient way to equality.} (8... Ng6 9. Qb3 Qe7 10. O-O Ba5 11. d3 O-O 12.
Nd2 Bxd2 13. Bxd2 d6 14. f4 $14) 9. Qb3 $6 {White had to play} (9. d3 Nxd5 10.
Nxe5 Bxe5 (10... Nxe3 $2 11. Qh5+ g6 12. Nxg6 Nxg2+ 13. Kf1 $18 {[%cal Gh5h8]})
11. Bxd5 c6 12. Bg2 d5 13. O-O O-O $11 {with equal position,becausee now he
finds himself in troubles.}) 9... a5 $1 10. a4 (10. d4 e4 11. Ne5 a4 $1 {
[%csl Rd5]} 12. Qb5 b6 (12... c6 13. dxc6 bxc6 14. Qc4 Bxe5 15. dxe5 Qa5+ 16.
Bd2 $13) 13. Nc4 Ba6 14. Nxd6+ cxd6 15. Qb4 Qb8 $15) 10... c6 11. dxc6 bxc6 12.
Ng5 (12. O-O Ba6 13. Re1 Bc7 14. d4 e4 15. Ne5 Nd5 $15) 12... Nd5 $8 13. Nf7 (
13. h4 Rb8 14. Qa2 h6 15. Bxd5 hxg5 16. hxg5 Rxh1+ 17. Bxh1 Qxg5 $15) (13. Nxh7
$2 Rb8 $19) 13... Kxf7 14. Bxd5+ Kf8 ({Deserved attention also} 14... Ke7 {
,but I thought that after d3 and e4 white will threaten to play Bg5,that's why
I prefered the move in the game,although it has his drawbacks.}) 15. Bg2 $6 (
15. Bc4 Bb4 $1 16. O-O d5 17. Be2 h5 (17... c5 18. d4 $1 $13) 18. d4 e4 19. f3
h4 $36) 15... Ba6 16. d3 $2 {Here the pawn becomes a target for black pieces
and white doesn't manage to complete development without material losses.} (16.
Bf1) 16... Rb8 17. Qc2 Qb6 $1 $17 18. f4 $5 {An attempt to complicate the
matters} (18. O-O Qb3 $1 19. Qxb3 Rxb3 20. Bd2 Bxd3 (20... Bb4 21. Bxb4+ Rxb4
$17) 21. Rfd1 Bb4 22. Bxb4+ axb4 23. a5 Ke7 $17) 18... exf4 19. O-O Qb3 $1 (
19... fxg3 $6 20. Rxf5+ Kg8 21. hxg3 Bxg3 22. b4 $1 Qxb4 23. Ba3 $132) (19...
Qc5 20. Qxc5 Bxc5 21. Rxf4 Bxd3 22. g4 g5 23. Rf3 f4 $17) 20. Qd2 $8 Kf7 {
Intending simply to bring the rook from h8 to play.} (20... Bb4 $5 21. Qf2 Bxd3
22. Qxf4 {[%cal Gf4b8]} Re8 23. Rf2 Qd1+ 24. Bf1 Be4 $19) 21. Qxa5 Bxd3 22. Qa7
{[%csl Rd7]} (22. exf4 Rhe8 23. Rf2 Ra8 24. Qc3 Qxc3 25. bxc3 Bc5 $19) 22...
Rhd8 $1 (22... Rb7 $6 23. Qd4 Bxf1 24. Bxf1 Qb4 25. Bc4+ Kf8 {[%csl Rh8]}) 23.
Qd4 (23. exf4 Bxf1 24. Bxf1 Qb6+ 25. Qxb6 Rxb6 $19) 23... Bxf1 24. Bxf1 Qb4 25.
Bc4+ Kf8 ({Of course not} 25... Kg6 26. g4 $1 Qe1+ 27. Kg2 f3+ 28. Kh3 {
and white gets some counterchanses.}) 26. b3 Qc5 27. Qd3 Qe5 28. Ra2 $2 ({
The last chanse to put up some resistance was} 28. gxf4 $1 Qxa1 29. Qxd6+ Ke8
30. Kg2 Qf6 31. Ba3 $1 {,but black has forced win due to the position of white
king on the second rank:} Qxd6 32. Bxd6 Rb7 33. a5 Rdb8 34. a6 Rxb3 35. Bxb3
Rxb3 36. a7 Rb2+ 37. Kf3 Ra2) 28... fxg3 29. Rg2 Bc5 0-1

[Event "EU-ch (Women) 17th"]
[Site "Mamaia"]
[Date "2016.06.01"]
[Round "6"]
[White "Stefanova, Antoaneta"]
[Black "Naiditsch, Yuliya"]
[Result "1-0"]
[WhiteElo "2507"]
[BlackElo "2415"]
[Annotator "Fischer,J"]
[PlyCount "101"]
[EventDate "2016.05.27"]
[EventType "swiss"]
[EventRounds "11"]
[EventCountry "ROU"]
[SourceTitle "CBM 172 Extra"]
[Source "ChessBase"]
[SourceDate "2016.06.21"]
[SourceVersion "1"]
[SourceVersionDate "2016.06.21"]
[SourceQuality "1"]

1. c4 e5 2. Nc3 Nf6 3. g3 Nc6 4. Bg2 Bb4 5. Nd5 Bc5 6. e3 O-O 7. Ne2 Nxd5 8.
cxd5 Nb4 9. d4 exd4 10. exd4 Bb6 11. a3 Na6 12. O-O d6 13. h3 Re8 14. b4 Bf5
15. Nc3 Qf6 16. Be3 Nb8 17. Rc1 Nd7 18. g4 Bg6 19. Qd2 {[#]} h5 $6 {Too
impatient.} ({After} 19... h6) ({or} 19... Qd8 {White has only a slight plus.
The text move allows Stefanova to seize the initiative and to win a pawn.}) 20.
Bg5 $1 Qxd4 21. Qxd4 Bxd4 22. Nb5 Bb6 23. Nxc7 Bxc7 24. Rxc7 Nb6 25. gxh5 Be4
26. Rxb7 Bxg2 27. Kxg2 Re5 28. Bf4 Rxd5 29. h6 {White remains a pawn up.} Nc4
30. a4 Rf5 31. Be3 a6 32. hxg7 Kxg7 33. Rd1 Nxe3+ 34. fxe3 Re8 35. Rxd6 Rxe3
36. Rd4 Ra3 37. a5 Ra2+ 38. Kg3 Ra3+ 39. Kg4 Rff3 40. h4 Rg3+ 41. Kh5 Rgf3 42.
Rg4+ Kf8 43. Rb6 Ra4 44. Kh6 Rf5 45. Re4 Rb5 46. Rc6 Rb8 47. Rb6 Ra8 48. Rb7
Rd8 49. Kh7 f5 50. Rc4 Ra1 51. Rcc7 1-0

[Event "Linares 17th"]
[Site "Linares"]
[Date "2000.03.07"]
[Round "7"]
[White "Leko, Peter"]
[Black "Shirov, Alexei"]
[Result "1/2-1/2"]
[WhiteElo "2725"]
[BlackElo "2751"]
[Annotator "Ftacnik,L"]
[PlyCount "112"]
[EventDate "2000.02.28"]
[EventType "tourn"]
[EventRounds "10"]
[EventCountry "ESP"]
[EventCategory "21"]
[SourceTitle "CBM 076"]
[Source "ChessBase"]
[SourceDate "2000.05.31"]
[SourceVersion "1"]
[SourceVersionDate "2000.05.31"]
[SourceQuality "1"]

1. c4 e5 2. g3 Nf6 3. Bg2 Nc6 4. Nc3 g6 5. e3 Bg7 6. Nge2 h5 7. h3 d6 8. d4 Bd7
(8... O-O 9. O-O (9. b3 exd4 10. exd4 Bf5 11. O-O Qd7 12. Kh2 Rae8 13. Bf4 a5
14. Qd2 Kh7 15. Rad1 Qc8 16. f3 Bd7 17. Bg5 Ne7 18. Ne4 Nxe4 19. fxe4 f5 {
1/2-1/2 Sokolov,A-Ghinda,M/Baile Herculane/1994/ (33)}) 9... exd4 10. exd4 Bf5
11. f3 d5 12. g4 Be6 13. c5 b6 14. cxb6 axb6 15. Bg5 Qd7 16. Qd2 Rfe8 17. Qf4
Nh7 18. Bh4 b5 19. Nxb5 Ra4 20. Qxc7 Nxd4 21. Nec3 {1-0 Arencibia,W-Paneque,P/
CUB-ch/1989/ (50)}) 9. d5 Na5 10. Qd3 O-O 11. e4 c5 12. dxc6 {Shirov is ready
to sacrifice d6 pawn in order to get real play with his pieces.} Nxc6 13. Bg5 (
13. Qxd6 Nd4 14. Nxd4 exd4 15. Nd5 (15. Qxd4 $2 Nxe4 16. Qxe4 Re8 $17) 15...
Re8 16. Nxf6+ Bxf6 17. O-O Be6 $44) 13... Be6 14. Nd5 Qa5+ (14... Bxd5 15. cxd5
Ne7 16. O-O $14) 15. Bd2 Qa6 16. Nxf6+ Bxf6 17. b3 h4 18. O-O (18. Qxd6 $2 Be7
19. Qd3 Rad8 20. Qe3 Nb4 $17) 18... hxg3 (18... Qb6 $5) 19. fxg3 Bg7 (19... Be7
20. Nc3 $14) 20. g4 Rab8 21. a4 {Black's position is still cramped and white
can try to improve at each sector of the board.} (21. Bg5 b5 $132) 21... Na5
22. Rf2 Qb6 23. Rb1 a6 24. Ng3 f6 $6 {xg6} (24... Nc6 25. Be3 Qd8 26. Nf5 $5
gxf5 27. exf5 e4 $1 28. Bxe4 (28. Qxe4 $2 Bd7 29. g5 Re8 30. Qf4 Rxe3 31. Qxe3
Bd4 $17) 28... d5 $1 29. cxd5 Nb4 30. Qd2 Bxd5 31. Qxb4 a5 $17) 25. Bf3 Nc6 26.
Kg2 Qd4 27. Qf1 (27. Qxd4 Nxd4 28. Be2 b5 $11) 27... b5 $5 28. cxb5 axb5 29.
axb5 Nb4 30. Bxb4 (30. Qe2 Nd3 31. Be3 Nf4+ 32. Bxf4 exf4 33. Nf1 Rfc8 $13)
30... Qxb4 31. h4 Qxb5 32. Qh1 Bh6 33. h5 $1 {[%mdl 32] The aim of this
operation is to win access squares for his knight.} Qe8 34. b4 (34. hxg6 $5
Qxg6 35. Nf5 Bxf5 36. exf5 Qg5 37. Qd1 $14) 34... Be3 (34... Rb7 $5) 35. Rc2 g5
36. Qd1 Qa4 37. Be2 Bd4 38. Bc4 $1 Bxc4 39. Rxc4 Qxd1 (39... Qb5 40. Rc7 $18)
40. Rxd1 Ra8 41. Nf5 $6 (41. Rdc1 $1 Ra2+ 42. R1c2 $18) 41... Ra2+ 42. Kh1 Re2
43. Rdc1 $2 {Leko has won the strategical fight and Shirov could only have
hoped for some counterplay. With two mistakes he got serious chances, that
were not in cards few moves ago.} (43. Nxd6 $1 Rd8 44. Rdc1 $1 Rxd6 $140 45.
Rc8+ Kf7 46. R1c7+ Ke6 47. Re8#) 43... Rxe4 44. Rc8 Rxc8 45. Rxc8+ Kh7 46. Rc7+
Kh8 47. Rc8+ Kh7 48. Rc7+ Kh8 49. Nxd6 Rf4 $1 {Black already sees a pattern of
play for the perpetual check.} 50. Rd7 (50. b5 e4 $1 51. Nf7+ (51. Re7 Rf1+ 52.
Kg2 Rf2+ $11) 51... Kg8 52. Nh6+ Kf8 53. Rc8+ Ke7 54. Nf5+ Kd7 55. Rc1 e3 $14)
50... Bb6 51. Nc8 Be3 52. Ne7 Rf1+ 53. Kg2 Rf2+ 54. Kg3 e4 55. Ng6+ (55. Rd8+
Kh7 56. Nd5 Rf3+ 57. Kg2 Rf2+ 58. Kg1 Rf3+ (58... Bd4 59. Rd7+ Kh8 60. Nxf6 $1
Rxf6+ 61. Rxd4 Rf4 62. b5 $18) 59. Nxe3 Rxe3 60. b5 Rb3 $1 $11) 55... Kg8 56.
h6 Rf3+ (56... Rf3+ 57. Kg2 Rf2+ 58. Kg1 Rf3+ $11) 1/2-1/2